000
00272nam a2200097Ia 4500
008
220204s9999 xx 000 0 und d
082
_a
631.8:31
_b
FER
245
0
_a
Fertilizer statistics 2003-04
260
_a
New Delhi
_b
The Fertilizer Association of India
_c
2004
942
_c
BK
999
_c
44123
_d
44123